La paz vista por los niños / (Record no. 31560)
[ view plain ]
| 000 -CABECERA | |
|---|---|
| campo de control de longitud fija | 00634nam a2200193 a 4500 |
| 001 - NÚMERO DE CONTROL | |
| campo de control | 000032069 |
| 003 - IDENTIFICADOR DEL NÚMERO DE CONTROL | |
| campo de control | DO-SdBNP |
| 005 - FECHA Y HORA DE LA ÚLTIMA TRANSACCIÓN | |
| campo de control | 20250120084525.0 |
| 008 - DATOS DE LONGITUD FIJA--INFORMACIÓN GENERAL | |
| campo de control de longitud fija | 110712s19uu dr a 000 0 spa d |
| 040 ## - FUENTE DE LA CATALOGACIÓN | |
| Centro catalogador/agencia de origen | DO-SdBNP |
| Lengua de catalogación | spa |
| Centro/agencia transcriptor | BNPHU |
| 049 ## - FONDOS LOCALES (OCLC) | |
| Fondos de biblioteca | BNPD |
| 082 ## - NÚMERO DE LA CLASIFICACIÓN DECIMAL DEWEY | |
| Número de clasificación | xxxx |
| Número de documento/Ítem | S487v |
| 100 1# - ENTRADA PRINCIPAL--NOMBRE DE PERSONA | |
| Nombre de persona | Serra, Nidia |
| 9 (RLIN) | 29116 |
| 245 13 - MENCIÓN DE TÍTULO | |
| Título | La paz vista por los niños / |
| Mención de responsabilidad, etc. | Nidia Serra ; presentación Máximo Avilés Blonda. |
| 260 ## - PUBLICACIÓN, DISTRIBUCIÓN, ETC. | |
| Lugar de publicación, distribución, etc. | [Santo Domingo : |
| Nombre del editor, distribuidor, etc. | Comisión Organizadora Permanente de la Feria Nacional del Libro., |
| Fecha de publicación, distribución, etc. | 19--?]. |
| 300 ## - DESCRIPCIÓN FÍSICA | |
| Extensión | 30 p. : |
| Otras características físicas | il. ; |
| Dimensiones | 26 cm. |
| 700 12 - PUNTO DE ACCESO ADICIONAL--NOMBRE DE PERSONA | |
| Nombre de persona | Avilés Blonda, Máximo, |
| Fechas asociadas al nombre | 1931-1988 |
| 9 (RLIN) | 7914 |
| 942 ## - ELEMENTOS DE PUNTO DE ACCESO ADICIONAL (KOHA) | |
| Fuente del sistema de clasificación o colocación | Dewey Decimal Classification |
| Tipo de ítem Koha | Libro |
| Estado de retiro | Estado de pérdida | No para préstamo | Código de colección | Localización permanente | Ubicación/localización actual | Ubicación en estantería | Fecha de adquisición | Número de inventario | Total de préstamos | Signatura topográfica completa | Código de barras | Fecha visto por última vez | Precio válido a partir de | Tipo de ítem Koha |
|---|---|---|---|---|---|---|---|---|---|---|---|---|---|---|
| Excluido de préstamo | Patrimonio Dominicano | Patrimonio Dominicano | Patrimonio Dominicano | En catalogación | 12.07.2011 | LF1 | xxxx S487v | 32069-10 | 25.06.2020 | 25.06.2020 | Libro y Folleto Colección Patrimonio Dominicano |
